000 01016cam a2200289 a 4500
999 _c21274
_d21274
001 2125180
005 20170121104625.0
008 970612s1998 ohuc c 001 0 eng
010 _a 97023779
020 _a0891348514
050 0 0 _aND1302 .B47 1998
245 0 4 _aThe best of portrait painting /
_cedited by Rachel Rubin Wolf.
250 _a1st ed.
260 _aCincinnati, OH :
_bNorth Light Books,
_cc1998.
300 _a144 p. :
_bcol. ports. ;
_c32 cm.
500 _aIncludes index.
650 0 _aPortrait painting
_xTechnique.
650 0 _aPortraits
_xCatalogs.
700 2 _aRubin Wolf, Rachel,
_d1951-
942 _2lcc
_cBOOKS
_hND1302 .B47 1998